Médamoud. I, L'histoire d'une fouille (1924-1940)
المؤلف الرئيسي:
التنسيق: كتاب
اللغة: Undetermined
منشور في:
Cairo
Institut français d'archéologie orientale
2024
سلاسل:
Fouilles de l'Institut français d'archéologie orientale du Caire, 96
الموضوعات:
الوسوم: إضافة وسم
رقم الطلب: ( F )DT57 .C185 v.96/1-2
| LEADER | 00864nam a22001937a 4500 | ||
|---|---|---|---|
| 005 | 20251222105018.0 | ||
| 008 | 251222t2024||||xx ae|||||||||||| ||und|| | ||
| 020 | |a 9782724710236 | ||
| 050 | 1 | 4 | |a ( F )DT57 |b .C185 v.96/1-2 |
| 100 | 1 | |a Félix Relats Montserrat | |
| 245 | 1 | 0 | |a Médamoud. I, L'histoire d'une fouille (1924-1940) |c Félix Relats Montserrat |
| 264 | 1 | |c 2024 |b Institut français d'archéologie orientale |a Cairo | |
| 300 | |a 554 |b ill. en noir et en coul., plans, tabl., couv. ill. en coul |c 33 | ||
| 490 | 0 | |a Fouilles de l'Institut français d'archéologie orientale du Caire, 96 | |
| 650 | 4 | |a Antiquités égyptiennes Médamoud (Égypte ; site archéologique) Antiquité | |
| 650 | 4 | |a Fouilles archéologiques Médamoud (Égypte ; site archéologique) 20e siècle | |
| 650 | 4 | |a Médamoud (Égypte ; site archéologique) | |
| 942 | |2 lcc |c BK | ||
| 999 | |c 60718 |d 60718 | ||
